Normal view
MARC view
- الفخري، علي بن محمد بن عبد الله ؛ تحقيق وتقديم: رشيد البندر
Entry Personal Name
001 - CONTROL NUMBER
- control field: 16178
003 - CONTROL NUMBER IDENTIFIER
- control field: JO-AjAnu
005 - DATE AND TIME OF LATEST TRANSACTION
- control field: 20230606072900.0
008 - FIXED-LENGTH DATA ELEMENTS
- fixed length control field: 230606|| aca||aabn | a|a d
040 ## - CATALOGING SOURCE
- Original cataloging agency: JO-AjAnu
- Transcribing agency: JO-AjAnu
100 ## - HEADING--PERSONAL NAME
- Personal name: الفخري، علي بن محمد بن عبد الله ؛ تحقيق وتقديم: رشيد البندر
670 ## - SOURCE DATA FOUND
- Source citation: Work cat.: (JO-AjAnu)8305: الفخري، علي بن محمد بن عبد الله ؛ تحقيق وتقديم: رشيد البندر, author, تلخيص البيان في ذكر فرق أهل الأديان